Luật đấu thầu

Luật này quy định về các hoạt động đấu thầu để lựa chọn nhà thầu cung cấp dịch vụ tư vấn, mua sắm hàng hóa, xây lắp đối với gói thầu thuộc các dự án sau đây

Wedi'i Gadw mewn:
Manylion Llyfryddiaeth
Awduron Corfforaethol: Việt Nam (cộng hòa Xã hội chủ nghĩa), Quốc hội
Fformat: Llyfr
Iaith:Undetermined
Cyhoeddwyd: Hà Nội Chính trị Quốc gia 2005
Pynciau:
Tagiau: Ychwanegu Tag
Dim Tagiau, Byddwch y cyntaf i dagio'r cofnod hwn!
Thư viện lưu trữ: Trung tâm Học liệu Trường Đại học Cần Thơ
LEADER 01088nam a2200241Ia 4500
001 CTU_136869
008 210402s9999 xx 000 0 und d
020 |c 6500 
082 |a 346.597024 
082 |b V308 
110 |a Việt Nam (cộng hòa Xã hội chủ nghĩa) 
110 |b Quốc hội 
245 0 |a Luật đấu thầu 
245 0 |c Việt Nam (cộng hòa Xã hội chủ nghĩa). Quốc hội 
260 |a Hà Nội 
260 |b Chính trị Quốc gia 
260 |c 2005 
520 |a Luật này quy định về các hoạt động đấu thầu để lựa chọn nhà thầu cung cấp dịch vụ tư vấn, mua sắm hàng hóa, xây lắp đối với gói thầu thuộc các dự án sau đây 
650 |a Letting of contracts,Government purchasing,Trung tâm Học liệu ĐHCT 
650 |x Law and legislation,Luật đấu thầu Việt Nam 
650 |z Vietnam,Vietnam 
904 |i Năm 
980 |a Trung tâm Học liệu Trường Đại học Cần Thơ